Introduction to fiber optics (Record no. 6342)

MARC details
000 -LEADER
fixed length control field 00566 a2200217 4500
001 - CONTROL NUMBER
control field 131952
003 - CONTROL NUMBER IDENTIFIER
control field OSt
005 - DATE AND TIME OF LATEST TRANSACTION
control field 20211217145733.0
008 - FIXED-LENGTH DATA ELEMENTS--GENERAL INFORMATION
fixed length control field
020 ## - INTERNATIONAL STANDARD BOOK NUMBER
International Standard Book Number 9788175960626
082 ## - DEWEY DECIMAL CLASSIFICATION NUMBER
Classification number 621.3692
Item number G34I
100 1# - MAIN ENTRY--PERSONAL NAME
Personal name Ghatak, Ajoy
245 1# - TITLE STATEMENT
Title Introduction to fiber optics
Statement of responsibility, etc by Ajoy Ghatak and K. Thyagarajan
260 ## - PUBLICATION, DISTRIBUTION, ETC. (IMPRINT)
Place of publication, distribution, etc New Delhi
Name of publisher, distributor, etc Cambridge university press
Date of publication, distribution, etc 2011
300 ## - PHYSICAL DESCRIPTION
Extent xvi, 565p.
653 ## - INDEX TERM--UNCONTROLLED
Uncontrolled term Physics
653 ## - INDEX TERM--UNCONTROLLED
Uncontrolled term Fiber optics
653 ## - INDEX TERM--UNCONTROLLED
Uncontrolled term Optical fiber
700 ## - ADDED ENTRY--PERSONAL NAME
Personal name Thyagarajan, K.
942 ## - ADDED ENTRY ELEMENTS (KOHA)
Source of classification or shelving scheme Dewey Decimal Classification
Koha item type Books
Holdings
Withdrawn status Lost status Source of classification or shelving scheme Damaged status Not for loan Collection code Home library Current library Date acquired Source of acquisition Cost, normal purchase price Total Checkouts Full call number Barcode Date last seen Date checked out Price effective from Koha item type Use restrictions
    Dewey Decimal Classification     General Text Book Central University Of Rajasthan Central University Of Rajasthan 08/06/2012 PHY 395.00 3 621.3692 G34I 8733 21/11/2024 09/12/2021 02/09/2020 Books  
          General Text Book Central University Of Rajasthan Central University Of Rajasthan 11/09/2015 PHY 0.00 1 621.3692 G34I 24969 12/01/2022 12/11/2021 02/09/2020 Books  
          General Text Book Central University Of Rajasthan Central University Of Rajasthan 11/09/2015 PHY 0.00 2 621.3692 G34I 24967 21/11/2024 06/02/2023 02/09/2020 Books  
    Dewey Decimal Classification   Not For Loan Reserve Text Book Central University Of Rajasthan Central University Of Rajasthan 11/09/2015 PHY 0.00   621.3692 G34I 24968 21/11/2024   02/09/2020 Books Restricted Access
          General Text Book Central University Of Rajasthan Central University Of Rajasthan 11/09/2015 PHY 0.00 3 621.3692 G34I 24972 21/11/2024 23/12/2021 02/09/2020 Books  
    Dewey Decimal Classification   Not For Loan Reserve Text Book Central University Of Rajasthan Central University Of Rajasthan 11/09/2015 PHY 0.00   621.3692 G34I 24973 21/11/2024   02/09/2020 Books Restricted Access
          General Text Book Central University Of Rajasthan Central University Of Rajasthan 11/09/2015 PHY 0.00 4 621.3692 G34I 24970 03/02/2025 20/01/2025 02/09/2020 Books  
          General Text Book Central University Of Rajasthan Central University Of Rajasthan 11/09/2015 PHY 0.00 3 621.3692 G34I 24971 21/11/2024 09/12/2021 02/09/2020 Books  
          General Text Book Central University Of Rajasthan Central University Of Rajasthan 11/09/2015 PHY 0.00 1 621.3692 G34I 24965 21/11/2024 29/11/2021 02/09/2020 Books  
          General Text Book Central University Of Rajasthan Central University Of Rajasthan 11/09/2015 PHY 0.00 5 621.3692 G34I 24966 04/02/2026 20/01/2026 02/09/2020 Books  
          General Text Book Central University Of Rajasthan Central University Of Rajasthan 11/09/2015 PHY 0.00 5 621.3692 G34I 24964 03/02/2025 24/01/2025 02/09/2020 Books